000 00690nam a22002057a 4500
003 OSt
005 20160223170846.0
008 160223s2012 spc|||| |||| 0|0 0 cat|d
017 _aDL B. 4572-2012
_bBiblioteca de Catalunya
020 _a9788415224532
040 _cCDMR
100 1 _aValle, Nicolás
245 1 0 _aSecrets de guerra
_b: el preu d'informar en zones de perill
_cNicolás Valle
260 _aBadalona
_bAra Llibres
_c2012
300 _a250 p., [8] f. de làm. :
_bil. col. ;
_c24 cm
600 1 7 _aValle, Nicolás
_2lemac
650 0 _aCorresponsals de guerra
_2lemac
_93678
_vRelats personals
650 0 _aGuerra
_xCobertura periodística
_yS. XXI
_2lemac
_94235
942 _cMON
999 _c6912
_d6912